000
00326 a2200109 4500
001
ART_24153
005
20260410161821.0
008
260409a
245
1
0
_a
Corrupción y sistema penal
100
1
_a
Vanella, Carolina A.
773
0
_t
Doctrina Penal Tributaria y Económica
_g
- Nº 32 (jun. 2014)
_w
REV4317
999
_c
22325
_d
22325